Obra completa

Збережено в:
Бібліографічні деталі
Автор: Lillo, Baldomero (autor)
Формат: Книга
Мова:Іспанська
Опубліковано: Santiago Ediciones Universidad Alberto Hurtado 2008
Редагування:1a. ed
Предмети:
Теги: Додати тег
Немає тегів, Будьте першим, хто поставить тег для цього запису!

MARC

LEADER 00000cam a2200000 a 4500
001 UCD9041
003 CL-VaPUC
008 170602e20080000cl |||||||||||||||||spa|d
020 |a 9789568421175 
082 0 4 |a Ch863  |b LIL  |2 21 
100 |a Lillo, Baldomero  |e autor  |9 342813 
245 1 0 |a Obra completa 
250 |a 1a. ed 
300 |a 799 p 
942 |c BK 
945 |d 20170602 23:29:00  |a dcastane 
260 |a Santiago  |b Ediciones Universidad Alberto Hurtado  |c 2008 
650 0 |a Cuentos chilenos   |9 308280 
650 0 |a Literatura chilena   |9 308278 
583 |a last modification  |c 20170602 23:29:00  |k Rodrigo Vera 
999 |c 368344  |d 368342 
952 |0 0  |1 0  |3 erb  |4 0  |6 CH_863_000000000000000_LIL_2008  |7 0  |8 A  |9 483630  |a BIBEDU  |b BIBEDU  |i 5393493  |o Ch863 LIL 2008  |p 5393493  |r 2019-11-24  |w 2019-11-24  |y BK  |z Catalogado en:20170602  |k LIT 
952 |0 0  |1 0  |3 erb  |4 0  |6 CH_863_000000000000000_LIL_2008  |7 0  |8 A  |9 483631  |a BIBEDU  |b BIBEDU  |i 5393485  |o Ch863 LIL 2008  |p 5393485  |r 2019-11-24  |w 2019-11-24  |y BK  |z Catalogado en:20170602  |k LIT